000 00533cam a22002171 4500
001 sa 63003500
003 DLC
005 20260227111942.0
008 890621s1963 ii 000 0 gujo
010 _asa 63003500
035 _a(OCoLC)19906698
040 _aDLC
_cWaU
_dDLC
042 _apremarc
050 0 0 _aPK1850
_b.B3
100 1 _aBakshi, Ramprasad Premshanker,
_d1894-
245 1 0 _aVaṇmayavimarśa.
260 _c[1963]
300 _a7, 430 p.
_c19 cm.
500 _aIn Gujarati.
650 0 _aGujarati literature.
999 _c55109
_d55109